000
00312nam a22001337a 4500
020
_a
9780198070924
082
_a
030
_b
OXF/D
100
_a
OXFORD
245
_a
OXFORD DICTIONARY OF ENGLISH GRAMMAR
260
_a
DELHI
_b
OXFORD UNIVERSITY PRESS
_c
1994
300
_a
443
650
_a
DICTIONARY
_z
INDIA
942
_c
BK
999
_c
2020
_d
2020